Classement du Ballon d'or 1987 - Statistiques

Statistiques générales
  • Ce quiz a été pris 39 fois
  • Le résultat moyen est 7 sur 34
Statistiques - réponses
Classement Joueur Club du joueur Nationalité % Correct
1 Ruud Gullit AC Milan Pays-Bas
91%
7 Marco Van Basten Ajax Amsterdam / AC Milan Pays-Bas
76%
5 Gary Lineker FC Barcelone Angleterre
53%
3 Emilio Butragueño Real Madrid Espagne
44%
25 Gheorghe Hagi Steaua Bucarest Roumanie
44%
2 Paulo Futre Atlético Madrid Portugal
41%
34 Rudi Völler Werder Brême / AS Rome Allemagne de l'Ouest
41%
16 Ian Rush Liverpool FC / Juventus FC Pays de Galles
38%
12 Manuel Amoros AS Monaco France
38%
8 Gianluca Vialli UC Sampdoria Italie
32%
24 Preben Elkjaer Larsen Hellas Vérone Danemark
32%
13 Lothar Matthäus Bayern Munich Allemagne de l'Ouest
29%
4 Michel Real Madrid Espagne
29%
31 Glenn Hoddle Tottenham Hotspur / AS Monaco Angleterre
24%
17 Pierre Littbarski RC Paris / FC Cologne Allemagne de l'Ouest
18%
19 Jean-Marie Pfaff Bayern Munich Belgique
15%
10 Klaus Allofs FC Cologne / Olympique de Marseille Allemagne de l'Ouest
15%
9 Bryan Robson Manchester United Angleterre
12%
6 John Barnes Watford FC / Liverpool FC Angleterre
12%
14 Mark Hateley AC Milan / AS Monaco Angleterre
12%
20 Oleksandr Zavarov Dynamo Kiev Union Soviétique
12%
30 Alessandro Altobelli Inter Milan Italie
9%
23 Rinat Dasaev Spartak Moscou Union Soviétique
9%
29 Peter Shilton Southampton FC / Derby County Angleterre
6%
18 Paul McGrath Manchester United République d'Irlande
3%
27 Ally McCoist Rangers FC Ecosse
0%
33 Dimitris Saravakos Panathinaïkos Grèce
0%
11 Glenn Hysén IFK Goteborg / ACF Fiorentina Suède
0%
26 Heinz Hermann Neuchâtel Xamax Suisse
0%
22 Jozef Mlynarczyk FC Porto Pologne
0%
21 Peter Beardsley Everton FC / Liverpool FC Angleterre
0%
28 Rodion Camataru Dinamo Bucarest Roumanie
0%
32 Sokol Kushta Partizani Tirana / Flamurtari Vlorë Albanie
0%
15 Toni Polster Austria Vienne / Torino FC Autriche
0%
Aucun quiz correspondant
Distribution des résultats
% des personnes avec chaque résultat
Percentile par nombre de réponses
Votre historique - résultats
Vous n’avez pas pris ce quiz